000 00467nam a2200181Ia 4500
003 OSt
005 20260106115053.0
008 210210b1930 xxu||||| |||| 00| 0 eng d
040 _cAL
041 _aKannada
082 _a859/1579
100 _aRAMARAV (B)
_9155936
_dರಾಮರಾವ್ (ಬಿ)
245 _aRamamadhava:
_b ರಾಮಮಾಧವ
260 _aMangaluru
_b-
_c1930
690 _aKannada Fiction
_9155937
906 _a022306
942 _2ddc
_cBK
999 _c146606
_d146606